00726nam a2200169Ia 4500008004100000020001800041041000800059082001600067100001600083245024300099250000600342260003900348300001100387650000900398999001900407952013000426210716s2016 xx 000 0 und d a9781784397807 aeng a004.69 NOBD aNoble, Dan. aMonitoring elasticsearch: monitor your elasticsearch clusters health and diagnose and solve its performance and reliability issues.bMonitor your elasticsearch clusters health and diagnose and solve its performance and reliability issues. a1 aMumbaibPackt Publishing Ltdc2016 axi,160 aNone c196698d196698 001040708MCAaAIMITbAIMITeKnowledge Worldg599.00l0o004.69 NOBDpMCA16213r2025-07-21 00:00:00v449.25w2021-07-16yBK